Modern chemical enhanced oil recovery : (Record no. 16357)
[ view plain ]
| 000 -LEADER | |
|---|---|
| fixed length control field | 01016cam a22002414a 4500 |
| 001 - CONTROL NUMBER | |
| control field | 16322255 |
| 005 - DATE AND TIME OF LATEST TRANSACTION | |
| control field | 20110311111638.0 |
| 008 - FIXED-LENGTH DATA ELEMENTS--GENERAL INFORMATION | |
| fixed length control field | 100708s2011 ne a 000 0 eng |
| 020 ## - INTERNATIONAL STANDARD BOOK NUMBER | |
| International Standard Book Number | 9781856177450 |
| 040 ## - CATALOGING SOURCE | |
| Original cataloging agency | DLC |
| Transcribing agency | DLC |
| Modifying agency | DLC |
| 082 00 - DEWEY DECIMAL CLASSIFICATION NUMBER | |
| Classification number | 622.33827 |
| Edition number | 22 |
| Item number | SHE |
| 100 1# - MAIN ENTRY--PERSONAL NAME | |
| Personal name | Sheng, James. |
| 9 (RLIN) | 28475 |
| 245 10 - TITLE STATEMENT | |
| Title | Modern chemical enhanced oil recovery : |
| Remainder of title | theory and practice / |
| Statement of responsibility, etc | James Sheng. |
| 260 ## - PUBLICATION, DISTRIBUTION, ETC. (IMPRINT) | |
| Place of publication, distribution, etc | Amsterdam ; |
| -- | Boston, MA : |
| Name of publisher, distributor, etc | Gulf Professional Pub., |
| Date of publication, distribution, etc | c2011. |
| 300 ## - PHYSICAL DESCRIPTION | |
| Extent | xxvii, 615 p. : |
| Other physical details | ill. ; |
| Dimensions | 24 cm. |
| 650 #0 - SUBJECT ADDED ENTRY--TOPICAL TERM | |
| Topical term or geographic name as entry element | Enhanced oil recovery. |
| 9 (RLIN) | 28476 |
| 650 #0 - SUBJECT ADDED ENTRY--TOPICAL TERM | |
| Topical term or geographic name as entry element | Oil reservoir engineering. |
| 9 (RLIN) | 28477 |
| 650 #0 - SUBJECT ADDED ENTRY--TOPICAL TERM | |
| Topical term or geographic name as entry element | Oil fields |
| General subdivision | Production methods. |
| 9 (RLIN) | 28478 |
| 653 ## - INDEX TERM--UNCONTROLLED | |
| Resource For college | |
| Arrived date list | January2012 |
| 942 ## - ADDED ENTRY ELEMENTS (KOHA) | |
| Source of classification or shelving scheme | Dewey Decimal Classification |
| Item type | Book - Borrowing |
| Withdrawn status | Item status | Source of classification or shelving scheme | Damaged status | Not for loan | Vendor | Home library | Current library | Shelving location | Date acquired | Source of acquisition | Cost, normal purchase price | Serial Enumeration / chronology | Total Checkouts | Total Renewals | Full call number | Barcode | Date last seen | Date last borrowed | Koha item type |
|---|---|---|---|---|---|---|---|---|---|---|---|---|---|---|---|---|---|---|---|
| Dewey Decimal Classification | Baccah | Central Library | Central Library | First floor | 31/01/2012 | 918.00 | 13957 | 15 | 108 | 622.33827 SHE | 000025946 | 03/02/2026 | 03/11/2025 | Book - Borrowing |